000 00602nam a2200217Ia 4500
005 20241129120223.0
008 241129s9999||||xx |||||||||||||| ||und||
020 _a9780197772591
037 _aTB
040 _aSDCL
_beng
_cSDCL
041 _aeng
_2eng
084 _aO152,1J03:g, R3 LR
_qSDCL
100 _aMartin Nancy M.
_9488489
245 0 _aMirabai : The Making of a Saint
260 _aNew York
_bOxford University Press
_c2023
300 _axiv,377p.
365 _aINR
_b795
650 _aReference
942 _cTB
_hO152,1J03:g, R3 LR
999 _c1233867
_d1233867